=LDR 00000nam 2200000 4500 =001 NUTBA000000000004179 =990 ##$$a 21408830 =005 20160224120051.0 =990 ##$$a 21408827 =006 =990 ##$$a 21408828 =007 =990 ##$$a 21408829 =008 =990 ##$$a 21408831 =020 ##$$a 979-489-238-6 =035 ##$$0010-091400000000212 =040 ##$$a NBPDMAT =082 ##$$a 028.5 =090 ##$$a 028.5 $b Whi b =100 ##$$a Whitcombe, Bobbie =245 ##$$a Binatang berbahaya / $c Bobbie Whitcombe =250 ##$$a Cet. 2 =260 ##$$a Jakarta : $b Penebar Swadaya, $c 2008 =300 ##$$a 21 hlm. : $b ilus. ; $c 26 cm. =650 ##$$a Bacaan kanak-kanak =990 ##$$a 21408827